00359nam a2200145Ia 4500008004100000020001500041041001200056082001600068100001700084245003500101260003600136300000800172650001600180700001700196221030s9999 xx 000 0 und d a8178082993 aEnglish a105.23bMol aH. G. Molina 0aDatabase System Implementation bAddison WesleyaNew Delhic2001 a653 aBE Computer aJ. D. Ullman